Statistics for Michael Ball Quiz

Click here to take the quiz!

General Stats

  • This quiz has been taken 8 times
  • The average score is 5 of 11

Answer Stats

HintAnswer% Correct
He briefly appeared in this British soap opera in 1985Coronation Street
75%
He was cast as this character in Les MiserablesMarius Pontmercy
63%
Where did he finish in the 1992 Eurovision Song Contest
after competing with the song "One Step Out of Time"
2nd
50%
One of his most successful collaborations is with a British tenor singer. Who is that?Alfie Boe
50%
He currently presents a show on Sunday's on which radio stationBBC Radio 2
50%
How many Number One albums does he have, as of 2022,
including collaborations
Six
50%
He has won the Olivier Award for Best Actor in a Musical twice. Name either of the musicals he won it withHairspray / Sweeney Todd: The Demon Barber of Fleet Street
38%
He studied drama at this acting schoolGuildford School of Acting
25%
Along with Captain Sir Tom Moore, he charted at Number One with a cover of this songYou'll Never Walk Alone
25%
He has twice the amount of this than a normal humanBlood
13%
His first stage credit is a role in this playGodspell
13%

Score Distribution

Percentile by Number Answered

Percent of People with Each Score

Your Score History

You have not taken this quiz